| 000 | 00731nam a22002175i 4500 | ||
|---|---|---|---|
| 001 | 48522 | ||
| 003 | ES-MaACL | ||
| 005 | 20230906161752.0 | ||
| 007 | t| | ||
| 008 | 950725s1887 it ||||1| ita d | ||
| 040 |
_aCAM _bspa _cCAM |
||
| 100 | 1 |
_aDel Vecchio, Giulio Salvatore. _943274 |
|
| 245 | 1 | 3 |
_aLa famiglia rispetto alla societáa civile e al problema sociale / _cstudio statistico ed economico del prof... Giulio Salvatore del Vecchio. |
| 260 |
_aTorino : _bF.lli Bocca, _c1887. |
||
| 300 |
_aXVI, 469 p. ; _c25 cm. |
||
| 490 | 1 |
_aBiblioteca di scienze sociali ; _v4 |
|
| 650 | 4 |
_aFamilias. _9153905 |
|
| 830 | 0 |
_aBiblioteca di scienze sociali ; _v4 _9230069 |
|
| 852 |
_aES-MaACL _jF-9960 |
||
| 999 |
_c48522 _d48522 |
||